<?xml version="1.0" encoding="UTF-8"?><?xml-stylesheet type="text/xsl" href="static/style.xsl"?><OAI-PMH xmlns="http://www.openarchives.org/OAI/2.0/" xmlns:xsi="http://www.w3.org/2001/XMLSchema-instance" xsi:schemaLocation="http://www.openarchives.org/OAI/2.0/ http://www.openarchives.org/OAI/2.0/OAI-PMH.xsd"><responseDate>2026-04-13T05:45:46Z</responseDate><request verb="GetRecord" identifier="oai:www.recercat.cat:2117/399171" metadataPrefix="marc">https://recercat.cat/oai/request</request><GetRecord><record><header><identifier>oai:recercat.cat:2117/399171</identifier><datestamp>2025-07-22T15:57:33Z</datestamp><setSpec>com_2072_1033</setSpec><setSpec>col_2072_452951</setSpec></header><metadata><record xmlns="http://www.loc.gov/MARC21/slim" xmlns:dcterms="http://purl.org/dc/terms/" xmlns:xsi="http://www.w3.org/2001/XMLSchema-instance" xmlns:doc="http://www.lyncode.com/xoai" xsi:schemaLocation="http://www.loc.gov/MARC21/slim http://www.loc.gov/standards/marcxml/schema/MARC21slim.xsd">
   <leader>00925njm 22002777a 4500</leader>
   <datafield ind2=" " ind1=" " tag="042">
      <subfield code="a">dc</subfield>
   </datafield>
   <datafield ind2=" " ind1=" " tag="720">
      <subfield code="a">López Garrido, Marta</subfield>
      <subfield code="e">author</subfield>
   </datafield>
   <datafield ind2=" " ind1=" " tag="260">
      <subfield code="c">2023-10-19</subfield>
   </datafield>
   <datafield ind2=" " ind1=" " tag="520">
      <subfield code="a">En la actualidad, los Trastornos de Conducta Alimentaria (TCA) representan un desafío &#xd;
creciente en la salud mental, con un aumento significativo en su prevalencia en los últimos &#xd;
años. Este estudio se enfoca en abordar estos trastornos desde una perspectiva &#xd;
innovadora, que combina la ingeniería, el diseño de productos y la creatividad.&#xd;
El objetivo principal es desarrollar un dispositivo diseñado para la detección temprana y/o&#xd;
el tratamiento de la bulimia, un TCA caracterizado por episodios de vómitos autoinducidos. &#xd;
El dispositivo registra la acidez del agua en el inodoro después de cada uso, ya que el &#xd;
vómito altera el pH del agua. Estos datos se sincronizan con una aplicación móvil.&#xd;
Las aplicaciones potenciales de este dispositivo son diversas. En primer lugar, puede servir &#xd;
como una herramienta de concienciación para los individuos que luchan contra la bulimia, &#xd;
proporcionando información sobre la frecuencia de sus episodios y su progreso en el &#xd;
tratamiento. Además, los profesionales de la salud mental pueden utilizar estos datos para &#xd;
identificar patrones y personalizar el tratamiento de sus pacientes.&#xd;
Un aspecto importante es la capacidad del dispositivo para alertar a los familiares cercanos &#xd;
sobre la conducta alimentaria de sus seres queridos, lo que puede ser especialmente &#xd;
valioso en situaciones de emergencia.&#xd;
Este diseño ha sido validado a través de entrevistas y encuestas con especialistas en &#xd;
psicología, psiquiatría, pediatría, así como con padres y pacientes. En resumen, se espera &#xd;
que este dispositivo contribuya significativamente a la detección y el tratamiento de los TCA &#xd;
relacionados con vómitos autoinducidos, como la bulimia y la anorexia purgativa.</subfield>
   </datafield>
   <datafield ind2=" " ind1=" " tag="520">
      <subfield code="a">Currently, Eating Disorders (ED) pose a growing challenge in mental health, with a &#xd;
significant increase in their prevalence in recent years. This study focuses on addressing &#xd;
these disorders from an innovative perspective that combines engineering, product design, &#xd;
and creativity.&#xd;
Our main objective is to develop a device designed for the early detection and treatment of &#xd;
bulimia, an ED characterized by episodes of self-induced vomiting. The device records the &#xd;
acidity of the toilet water after each use, as vomiting alters the pH of the water. These data &#xd;
are synchronized with a mobile application.&#xd;
The potential applications of this device are diverse. Firstly, it can serve as an awareness &#xd;
tool for individuals struggling with bulimia, providing information about the frequency of their &#xd;
episodes and their progress in treatment. Additionally, mental health professionals can use &#xd;
this data to identify patterns and personalize the treatment of their patients.&#xd;
An important aspect is the device's ability to alert close family members about the eating &#xd;
behavior of their loved ones, which can be especially valuable in emergency situations.&#xd;
This design has been validated through interviews and surveys with specialists in &#xd;
psychology, psychiatry, pediatrics, as well as with parents and patients. In summary, it is &#xd;
expected that this device will significantly contribute to the detection and treatment of EDs &#xd;
related to self-induced vomiting, such as bulimia and purging anorexia.</subfield>
   </datafield>
   <datafield ind2=" " ind1=" " tag="520">
      <subfield code="a">Award-winning</subfield>
   </datafield>
   <datafield tag="653" ind2=" " ind1=" ">
      <subfield code="a">Àrees temàtiques de la UPC::Arquitectura::Disseny</subfield>
   </datafield>
   <datafield tag="653" ind2=" " ind1=" ">
      <subfield code="a">Àrees temàtiques de la UPC::Ciències de la salut::Medicina</subfield>
   </datafield>
   <datafield tag="653" ind2=" " ind1=" ">
      <subfield code="a">Eating disorders</subfield>
   </datafield>
   <datafield tag="653" ind2=" " ind1=" ">
      <subfield code="a">Psychiatry -- Instruments and apparatus</subfield>
   </datafield>
   <datafield tag="653" ind2=" " ind1=" ">
      <subfield code="a">Industrial design</subfield>
   </datafield>
   <datafield tag="653" ind2=" " ind1=" ">
      <subfield code="a">Mobile apps -- Design</subfield>
   </datafield>
   <datafield tag="653" ind2=" " ind1=" ">
      <subfield code="a">Trastornos de conducta alimentaria</subfield>
   </datafield>
   <datafield tag="653" ind2=" " ind1=" ">
      <subfield code="a">Bulimia</subfield>
   </datafield>
   <datafield tag="653" ind2=" " ind1=" ">
      <subfield code="a">Diseño</subfield>
   </datafield>
   <datafield tag="653" ind2=" " ind1=" ">
      <subfield code="a">Producto</subfield>
   </datafield>
   <datafield tag="653" ind2=" " ind1=" ">
      <subfield code="a">Sensor pH</subfield>
   </datafield>
   <datafield tag="653" ind2=" " ind1=" ">
      <subfield code="a">Vómito</subfield>
   </datafield>
   <datafield tag="653" ind2=" " ind1=" ">
      <subfield code="a">Trastorns de la conducta alimentària</subfield>
   </datafield>
   <datafield tag="653" ind2=" " ind1=" ">
      <subfield code="a">Psiquiatria -- Aparells i instruments</subfield>
   </datafield>
   <datafield tag="653" ind2=" " ind1=" ">
      <subfield code="a">Disseny industrial</subfield>
   </datafield>
   <datafield tag="653" ind2=" " ind1=" ">
      <subfield code="a">Aplicacions mòbils -- Disseny</subfield>
   </datafield>
   <datafield ind2="0" ind1="0" tag="245">
      <subfield code="a">Trastornos de la conducta alimentaria, aportación creativa y diseño</subfield>
   </datafield>
</record></metadata></record></GetRecord></OAI-PMH>